02224 a2200205 4500001000500000005001700005008004100022003001500063040004000078080005200118245005500170020001800225250001200243264003400255300002300289505151900312041000801831100003301839856014601872335620260407155428.0260407a1999 arg spa dAR-UNSa-BCEJYS aAR-UNSa-BCEJYSbspacAR-UNSa-BCEJYS a336.2xIngresos públicos (Derecho tributario)10aCurso de finanzas, derecho financiero y tributario a950-14-1644-5 a7a. ed. 1aBuenos Aires :bDepalmac1999 axl, 981 p.c23 cm. a1. Ciencia de las finanzas y actividad financiera - 2. Los gastos públicos - 3. Los recursos del Estado - 4. Los tributos. El impuesto - 5. Los tributos (cont.). Las tasas. Las contribuciones especiales. Las contribuciones parafiscales - 6. Derecho financiero y derecho tributario - 7. Interpretación y aplicación de la ley tributaria - 8. Derecho constitucional tributario - 9. Derecho tributario material - 10. Derecho tributario formal - 11. Derecho penal tributario - 12. Derecho procesal tributario - 13. Derecho internacional tributario - 14. Sistema tributario - 15. Impuesto a la renta (impuesto a las ganancias) 16. Impuesto a los premios de determinados juegos y concursos - 17. Impuesto al mayor valor (impuesto sobre los beneficios eventuales) - 18. Impuesto sobre la transferencia de títulos-valores - 19. Impuesto al patrimonio - 20. Impuesto al enriquecimiento patrimonial a título gratuito - 21. Impuesto inmobiliario - 22. Impuesto a la renta normal potencial de la tierra. Impuesto a la producción agropecuaria - 23. Impuesto de sellos. Impuesto de justicia - 24. Impuesto al valor agregado - 25. Impuesto al ejercicio de actividades con fines de lucro - 26. Impuestos aduaneros - 27. Impuestos internos - 28. Impuesto a las inversiones extranjeras - 29. Impuestos recaudados por el sistema de percepción en la fuente - 30. Impuesto sobre actividades financieras diversas - 31. El crédito público - 32. El presupuesto - 33. Política financiera y política fiscal o tributaria aspa1 aVillegas, Héctor Belisario41uhttps://biblioeco.unsa.edu.ar/pmb/images/libros/Curso de Finanzas, derecho financiero y tributario2-L85313.jpgyImagen de portadaqimage/jpeg